1148 1326 1622 1428 1710 1058 1486 1781 1549 1137 1841 1923 1390 1462 1271 1477 1316 1070 1907 1038 1055 1730 1259 1349 1542 1906 1598 1800 1260 1647 1724 1952 1928 1978 1520 1450 1114 1117 1690 1181 1952 1616 1915 1538 1678 1708 1308 1442 1681 1069 1436 1776 1698 1924 1359 1621 1191 1860 1653 1282 1582 1732 1649 1125 1594 1530 1713 1580 1199 1799 1608 1868 1656 1907 1125 1639 1178 1597 1545 1156 1916 1168 1992 1039 1251 1749 1257 1659 1344 1222 1755 1176 1233 1760 1495 1917 1602 1038 1834 BCNSPRNW ULIB Ver.6.0+V

เปลี่ยนเป็นภาษาไทย

Change to English
 แสดงรายละเอียดบรรณานุกรม
  กลับหน้าหลัก

Brief Record : Get Marc (ISO 2709) : E-mail record : QR code < ปิดหน้าต่าง
LEADER : 00000nam 2200000uu 4500
001    13399126727
003     ULIB
008    020711s2019 th a 000 0 eng d
020    ^a9780323548540
060    ^aWS350^bC536
100    ^aBeresin, Eugene V. and Olson, Cheryl K.
245    ^aChild and Adolescent Psychiatry and the Media
250    ^a1st ed
260    ^aLouis, Missouri :^bElsevier,^c2019
300    ^a202 pages;^b26 cm
650    ^aPsychiatry
650    ^aChild
650    ^aAdolescent
945    ^p2720^l0^i005388
999    ^aวิลาวรรณ์ สายภักดี
รายการนี้ยังไม่มีแท็ก
คุณยังไม่ได้ล็อกอิน คุณสามารถมีกิจกรรมร่วมกับเว็บไซต์ได้ แต่ต้องล็อกอินก่อน ::
  ล็อกอิน

รายการสื่อสารสนเทศ

ลำดับที่ ประเภท เลขเรียก/บาร์โค้ด สถานที่ สถานะ
1. วิทยาศาสตร์การแพทย์ และสุขภาพ
หนังสือสำรอง
สถานะ=หนังสือสำรอง
WS350 C536 ฉ.1 
  Barcode: 005388
ห้องสมุดวิทยาเขตสวรรค์ประชารักษ์
►หนังสือทั่วไป
บนชั้น

รายการใกล้เคียง
    หัวเรื่อง [Psychiatry]
    หัวเรื่อง [Child]
    หัวเรื่อง [Adolescent]

BibComment


ยังไม่เคยถูกคอมเมนท์

คอมเมนท์ทรัพยากรรายการนี้
  คอมเมนท์: Child and Adoles..


 Copyright 2026. Bcnsprnw @Library